[Event "Foxwoods op 09th"]
[Site "Connecticut"]
[Date "2007.04.04"]
[Round "1"]
[White "Mulyar, Michael A"]
[Black "Chernin, Oliver"]
[Result "1-0"]
[WhiteElo "2362"]
[BlackElo "2162"]
[PlyCount "75"]
[EventDate "2007.04.04"]
[EventType "swiss"]
[EventRounds "9"]
[EventCountry "USA"]
[SourceTitle "CBM 117 Extra"]
[Source "ChessBase"]
[SourceDate "2007.05.09"]
[SourceVersion "1"]
[SourceVersionDate "2007.05.09"]
[SourceQuality "1"]

1. c4 Nf6 2. Nc3 c5 3. Nf3 d5 4. cxd5 Nxd5 5. d4 e6 6. g3 Nc6 7. Bg2 Be7 8. 0-0 0-0 9. Rb1 cxd4 10. Nxd4 Nxd4 11. Qxd4 Bf6 12. Qc4 Nxc3 13. bxc3 Qa5 14. Be3 Qxc3 15. Qa4 h6 16. Rfd1 Be7 17. Bxb7 Bxb7 18. Rxb7 Qa3 19. Qxa3 Bxa3 20. Bxa7 Rac8 21. Rd3 Bc5 22. a4 Bxa7 23. Rxa7 Rc2 24. e3 Ra2 25. Rdd7 g6 26. a5 Kg7 27. a6 Kf6 28. Rdc7 h5 29. h4 Kg7 30. Rc6 Kf6 31. Rd7 Ra8 32. Rcc7 R8xa6 33. Rxf7+ Ke5 34. Rg7 Kf5 35. Rcf7+ Kg4 36. Kg2 e5 37. e4 Re6 38. Rf5 1-0

[Event "New York Marshall CC-ch 90th"]
[Site "New York"]
[Date "2006.12.10"]
[Round "9"]
[White "Paciulli, Frank"]
[Black "Chernin, Oliver"]
[Result "1/2-1/2"]
[WhiteElo "2026"]
[BlackElo "2162"]
[PlyCount "57"]
[EventDate "2006.12.01"]
[EventType "swiss"]
[EventRounds "9"]
[EventCountry "USA"]
[SourceTitle "CBM 115 Extra"]
[Source "ChessBase"]
[SourceDate "2007.01.10"]
[SourceVersion "1"]
[SourceVersionDate "2007.01.10"]
[SourceQuality "1"]

1. e4 Nf6 2. e5 Nd5 3. d4 d6 4. Nf3 g6 5. Bc4 Nb6 6. Bb3 Bg7 7. 0-0 0-0 8. a4 a5 9. Nc3 Nc6 10. exd6 cxd6 11. Nb5 Bg4 12. c3 e5 13. dxe5 dxe5 14. Qxd8 Raxd8 15. Bg5 Rd7 16. Be3 Nd5 17. Bc5 Rfd8 18. Ng5 h6 19. f3 Bf5 20. Ne4 Be6 21. Rad1 Nf4 22. Rxd7 Rxd7 23. Rd1 Rxd1+ 24. Bxd1 Nd3 25. Ba3 Bf8 26. Nf6+ Kg7 27. Ne8+ Kg8 28. Nf6+ Kg7 29. Ne8+ 1/2-1/2

[Event "New York Marshall CC-ch 90th"]
[Site "New York"]
[Date "2006.12.02"]
[Round "3"]
[White "Chernin, Oliver"]
[Black "Hess, Robert L"]
[Result "0-1"]
[WhiteElo "2162"]
[BlackElo "2394"]
[PlyCount "76"]
[EventDate "2006.12.01"]
[EventType "swiss"]
[EventRounds "9"]
[EventCountry "USA"]
[SourceTitle "CBM 115 Extra"]
[Source "ChessBase"]
[SourceDate "2007.01.10"]
[SourceVersion "1"]
[SourceVersionDate "2007.01.10"]
[SourceQuality "1"]

1. c4 g6 2. Nc3 Bg7 3. g3 e5 4. Bg2 Ne7 5. e3 f5 6. Nge2 0-0 7. 0-0 Nbc6 8. d3 d6 9. Rb1 g5 10. f4 g4 11. Nd5 Ng6 12. b4 h5 13. b5 Nce7 14. a4 Rb8 15. Bd2 Rf7 16. Ba5 b6 17. Bd2 Bb7 18. a5 h4 19. Qb3 Nxd5 20. cxd5 Qd7 21. Rfc1 Re8 22. e4 exf4 23. gxf4 h3 24. Bh1 Nh4 25. Bc3 Nf3+ 26. Bxf3 gxf3 27. Ng3 f2+ 28. Kxf2 fxe4 29. f5 Rxf5+ 30. Kg1 Bxd5 31. Qb2 Rf3 32. Bxg7 Qg4 33. dxe4 Rxg3+ 34. hxg3 Qxg3+ 35. Kf1 h2 36. Qg2 Qf4+ 37. Ke2 Rxe4+ 38. Kd3 Re3+ 0-1

[Event "New York Marshall CC-ch 89th"]
[Site "New York"]
[Date "2005.12.10"]
[Round "3"]
[White "Ibragimov, Ildar"]
[Black "Chernin, Oliver"]
[Result "1-0"]
[WhiteElo "2617"]
[BlackElo "2171"]
[PlyCount "47"]
[EventDate "2005.12.09"]
[EventType "swiss"]
[EventRounds "9"]
[EventCountry "USA"]
[SourceTitle "CBM 109 Extra"]
[Source "ChessBase"]
[SourceDate "2006.01.03"]
[SourceVersion "2"]
[SourceVersionDate "2006.01.03"]
[SourceQuality "1"]

1. e4 Nf6 2. e5 Nd5 3. d4 d6 4. Nf3 g6 5. Bc4 Nb6 6. Bb3 Bg7 7. 0-0 0-0 8. c3 Nc6 9. e6 fxe6 10. Ng5 d5 11. f4 Qd6 12. Bc2 Nd7 13. b3 Nf6 14. Ba3 Qd7 15. Nd2 b5 16. Bc5 b4 17. cxb4 Ne8 18. Ndf3 Rxf4 19. b5 Nd8 20. Nxh7 Rxf3 21. Qxf3 Kxh7 22. Qh5+ Kg8 23. Qxg6 Nf6 24. Rxf6 1-0

[Event "World op 33rd"]
[Site "Philadelphia"]
[Date "2005.06.28"]
[Round "1"]
[White "Chernin, Oliver"]
[Black "Shulman, Yuri"]
[Result "0-1"]
[WhiteElo "2193"]
[BlackElo "2550"]
[PlyCount "72"]
[EventDate "2005.06.??"]
[EventType "swiss"]
[EventRounds "9"]
[EventCountry "USA"]
[SourceTitle "EXT 2006"]
[Source "ChessBase"]
[SourceDate "2005.11.24"]
[SourceVersion "1"]
[SourceVersionDate "2005.11.24"]
[SourceQuality "1"]

1. c4 e6 2. Nf3 d5 3. b3 c5 4. g3 Nc6 5. Bg2 d4 6. d3 g6 7. 0-0 Bg7 8. Na3 Nf6 9. Nc2 0-0 10. Rb1 e5 11. Bg5 h6 12. Bxf6 Bxf6 13. a3 Be6 14. Nd2 Rc8 15. b4 b6 16. bxc5 bxc5 17. Qe1 Qc7 18. Rb5 Be7 19. Qb1 Nd8 20. Bb7 Nxb7 21. Rxb7 Qa5 22. Rd1 Bd8 23. Nf3 e4 24. Nd2 exd3 25. exd3 Bb6 26. Ne4 f5 27. Re7 Rc6 28. Qb5 Qxb5 29. cxb5 fxe4 30. bxc6 Bb3 31. Rxe4 Bxc2 32. Rd2 Bb3 33. Re7 Rc8 34. Rde2 Rxc6 35. Rd7 Re6 36. Rb2 Ba4 0-1

[Event "New York Masters Int 1st"]
[Site "New York"]
[Date "2003.03.31"]
[Round "8"]
[White "Johnson, Ben"]
[Black "Chernin, Oliver"]
[Result "1-0"]
[WhiteElo "2178"]
[BlackElo "2207"]
[PlyCount "87"]
[EventDate "2003.02.03"]
[EventType "tourn"]
[EventRounds "9"]
[EventCountry "USA"]
[SourceTitle "CBM 092 Extra"]
[Source "ChessBase"]
[SourceDate "2003.03.07"]
[SourceVersion "1"]
[SourceVersionDate "2003.03.07"]
[SourceQuality "1"]

1. e4 c5 2. Nf3 d6 3. d4 cxd4 4. Nxd4 Nf6 5. Nc3 g6 6. Be3 Bg7 7. f3 0-0 8. Qd2 Nc6 9. 0-0-0 Nxd4 10. Bxd4 Be6 11. Kb1 Qc7 12. h4 Rfc8 13. h5 Qa5 14. a3 Rab8 15. hxg6 fxg6 16. Nd5 Qxd2 17. Rxd2 Nxd5 18. exd5 Bxd4 19. Rxd4 Bf5 20. Bd3 Bxd3 21. Rxd3 b5 22. b3 Rc5 23. Kb2 Rbc8 24. c3 Rf8 25. Re1 Rf7 26. Rd4 Kf8 27. a4 Rf5 28. axb5 Rxb5 29. c4 Rb7 30. Kc3 Ke8 31. b4 Rc7 32. b5 e5 33. f4 Re7 34. fxe5 Rfxe5 35. Rxe5 Rxe5 36. Rd2 Kf7 37. Rf2+ Kg7 38. Ra2 Re7 39. c5 dxc5 40. Kc4 Kf6 41. Kxc5 Rc7+ 42. Kd6 Rb7 43. Rf2+ Kg5 44. Kc6 1-0

[Event "New York Masters Int 1st"]
[Site "New York"]
[Date "2003.03.03"]
[Round "4"]
[White "Sena, Juan Oscar"]
[Black "Chernin, Oliver"]
[Result "1-0"]
[WhiteElo "2142"]
[BlackElo "2207"]
[PlyCount "121"]
[EventDate "2003.02.03"]
[EventType "tourn"]
[EventRounds "9"]
[EventCountry "USA"]
[SourceTitle "CBM 092 Extra"]
[Source "ChessBase"]
[SourceDate "2003.03.07"]
[SourceVersion "1"]
[SourceVersionDate "2003.03.07"]
[SourceQuality "1"]

1. e4 c5 2. Nf3 d6 3. d4 cxd4 4. Nxd4 Nf6 5. Nc3 g6 6. Be3 Bg7 7. f3 0-0 8. Qd2 Nc6 9. 0-0-0 Bd7 10. Bc4 Qa5 11. Kb1 Rfc8 12. Bb3 Ne5 13. Bg5 Nc4 14. Bxc4 Rxc4 15. Nb3 Qe5 16. Bf4 Qh5 17. h3 h6 18. g4 Qh4 19. Rdg1 Rxc3 20. bxc3 Rc8 21. e5 dxe5 22. Bxe5 Bc6 23. Bg3 Qg5 24. Qxg5 hxg5 25. Nd4 Nd5 26. Kb2 Bd7 27. Re1 Nxc3 28. Rxe7 Bxd4 29. Rxd7 Ne2+ 30. Rxd4 Nxd4 31. c3 Nxf3 32. Rd1 a5 33. Rd3 Ng1 34. Bh2 Ne2 35. Re3 Nf4 36. Kb3 b5 37. Re5 a4+ 38. Kb4 Rc4+ 39. Kxb5 Rxc3 40. Rxg5 Ne6 41. Rd5 Rc2 42. Be5 Rxa2 43. Kb4 Rf2 44. Kxa4 f6 45. Bc3 Rf3 46. Kb4 Nf4 47. Rd8+ Kf7 48. h4 Ke7 49. Rd1 Ng2 50. h5 g5 51. Ra1 Rf4+ 52. Kc5 Rxg4 53. Ra7+ Ke8 54. h6 Nf4 55. h7 Ng6 56. Bxf6 Rh4 57. h8Q+ Nxh8 58. Bxh8 g4 59. Be5 Rh5 60. Kd5 g3 61. Ke6 1-0

[Event "North American op"]
[Site "Las Vegas"]
[Date "2002.12.27"]
[Round "3"]
[White "Ishkanov, Tigran"]
[Black "Chernin, Oliver"]
[Result "1-0"]
[WhiteElo "2263"]
[BlackElo "2207"]
[PlyCount "43"]
[EventDate "2002.12.26"]
[EventType "swiss"]
[EventRounds "6"]
[EventCountry "USA"]
[SourceTitle "CBM 092 Extra"]
[Source "ChessBase"]
[SourceDate "2003.03.07"]
[SourceVersion "1"]
[SourceVersionDate "2003.03.07"]
[SourceQuality "1"]

1. e4 Nf6 2. e5 Nd5 3. d4 d6 4. Nf3 g6 5. Bc4 Nb6 6. Bb3 Bg7 7. Ng5 d5 8. f4 f6 9. Nf3 0-0 10. c3 Nc6 11. Nbd2 Bg4 12. h3 Bxf3 13. Nxf3 Qd7 14. 0-0 f5 15. Qe2 Nd8 16. Be3 Ne6 17. Rad1 Rad8 18. Kh1 c6 19. Nh4 Bh6 20. g4 fxg4 21. f5 Ng5 22. Qxg4 1-0

[Event "New York Masters 27th"]
[Site "New York"]
[Date "2002.10.01"]
[Round "2"]
[White "Schmaltz, Roland"]
[Black "Chernin, Oliver"]
[Result "1-0"]
[WhiteElo "2547"]
[BlackElo "2221"]
[PlyCount "75"]
[EventDate "2002.10.01"]
[EventType "swiss (rapid)"]
[EventRounds "4"]
[EventCountry "USA"]
[SourceTitle "EXT 2003"]
[Source "ChessBase"]
[SourceDate "2002.11.25"]
[SourceVersion "1"]
[SourceVersionDate "2002.11.25"]
[SourceQuality "1"]

1. e4 Nf6 2. e5 Nd5 3. d4 d6 4. c4 Nb6 5. exd6 cxd6 6. h3 g6 7. Nf3 Bg7 8. Be2 0-0 9. 0-0 Nc6 10. Nc3 Bf5 11. b3 e5 12. Be3 Rc8 13. d5 Nb4 14. Rc1 Na6 15. Nb5 Ra8 16. a4 Nc8 17. Qd2 b6 18. b4 Nc7 19. Rfd1 a5 20. Nxc7 Qxc7 21. c5 bxc5 22. bxc5 dxc5 23. d6 Qd8 24. Bxc5 Bd7 25. Bb5 Na7 26. Bxd7 Qxd7 27. Qxa5 e4 28. Nd4 Bxd4 29. Bxd4 Nc6 30. Qb5 Rfc8 31. Rxc6 Rxc6 32. Qe5 f6 33. Qxf6 Rd8 34. Qh8+ Kf7 35. Qxh7+ Kf8 36. Qh8+ Kf7 37. Qg7+ Ke8 38. Qg8# 1-0

[Event "World op 30th"]
[Site "Philadelphia"]
[Date "2002.06.30"]
[Round "2"]
[White "Chernin, Oliver"]
[Black "Zugic, Igor"]
[Result "0-1"]
[WhiteElo "2221"]
[BlackElo "2450"]
[PlyCount "140"]
[EventDate "2002.06.29"]
[EventType "swiss"]
[EventRounds "9"]
[EventCountry "USA"]
[SourceTitle "CBM 089 Extra"]
[Source "ChessBase"]
[SourceDate "2002.09.10"]
[SourceVersion "2"]
[SourceVersionDate "2002.09.10"]
[SourceQuality "1"]

1. c4 e5 2. Nc3 Nf6 3. Nf3 Nc6 4. e3 Bb4 5. Qc2 Bxc3 6. Qxc3 e4 7. Ne5 0-0 8. d4 Ne7 9. c5 d6 10. Nc4 Ned5 11. Qa3 dxc5 12. Qxc5 c6 13. Be2 Nd7 14. Qd6 N7b6 15. Qxd8 Rxd8 16. Bd2 Nxc4 17. Bxc4 Be6 18. Bxd5 Bxd5 19. a3 Bc4 20. Rc1 Bd3 21. f4 Rd5 22. Rc5 Rxc5 23. dxc5 b6 24. cxb6 axb6 25. g4 f6 26. h4 Kf7 27. Bc3 c5 28. Kf2 Rd8 29. Rd1 Rd5 30. Rd2 h5 31. g5 fxg5 32. hxg5 g6 33. Be5 Rd7 34. Kg3 Ke6 35. Bc3 Kf5 36. Be5 Rb7 37. Rd1 Ke6 38. Rd2 b5 39. Bc3 b4 40. axb4 cxb4 41. Bd4 Rc7 42. Rf2 Kf5 43. Be5 Rc1 44. Bd6 b3 45. Be5 Rc2 46. Rh2 Bf1 47. Rh1 Rg2+ 48. Kh3 Rf2+ 49. Kh4 Rf3 50. Bd4 Ke6 51. Rh2 Kd5 52. Bb6 Kc4 53. Ba7 Kb5 54. Bd4 Bc4 55. Rh3 Rf1 56. Kg3 Be6 57. Rh2 Rf3+ 58. Kg2 Kc4 59. Kg1 Kd3 60. Rf2 Rg3+ 61. Kh2 Rxe3 62. Bxe3 Kxe3 63. Kg1 Bf5 64. Kf1 h4 65. Ke1 h3 66. Kf1 Kd3 67. Re2 e3 68. Re1 h2 69. Kg2 Kd2 70. Ra1 h1Q+ 0-1

[Event "Oz.com qual blitz"]
[Site "ICC INT"]
[Date "2000.03.05"]
[Round "1"]
[White "Mohr, Georg"]
[Black "Chernin, Oliver"]
[Result "1-0"]
[WhiteElo "2488"]
[BlackElo "2221"]
[PlyCount "99"]
[EventDate "2000.03.05"]
[EventType "swiss (blitz)"]
[EventRounds "9"]
[EventCountry "USA"]
[SourceTitle "EXT 2001"]
[Source "ChessBase"]
[SourceDate "2000.11.22"]
[SourceVersion "1"]
[SourceVersionDate "2000.11.22"]
[SourceQuality "1"]

1. e4 Nf6 2. e5 Nd5 3. Nf3 d6 4. d4 dxe5 5. Nxe5 g6 6. Be2 Bg7 7. 0-0 0-0 8. c4 Nf6 9. Nc3 Nbd7 10. Nf3 Re8 11. h3 c6 12. Bf4 Qb6 13. Qd2 Nh5 14. Be3 Qc7 15. Ne4 e5 16. dxe5 Nxe5 17. Qd6 Nxf3+ 18. Bxf3 Qxd6 19. Nxd6 Rd8 20. Nxc8 Raxc8 21. Bxh5 gxh5 22. Rab1 a6 23. b3 Rd3 24. Rfd1 Rcd8 25. Rxd3 Rxd3 26. Kf1 Kf8 27. Ke2 Rd7 28. Rd1 Ke8 29. Rxd7 Kxd7 30. Kf3 Ke6 31. Kg3 Bf6 32. Kf4 b5 33. cxb5 cxb5 34. Ke4 Be5 35. g4 hxg4 36. hxg4 a5 37. f4 Bd6 38. f5+ Kd7 39. Kd5 a4 40. Bc5 axb3 41. axb3 Bg3 42. Bf8 Bf2 43. Bg7 Bg1 44. Bd4 Bxd4 45. Kxd4 Kd6 46. g5 b4 47. Ke4 Kc5 48. Ke5 Kc6 49. Kf6 Kd5 50. Kxf7 1-0

[Event "New York State-ch 121st"]
[Site "New York"]
[Date "1999.09.06"]
[Round "6"]
[White "Felber, Joseph J"]
[Black "Chernin, Oliver"]
[Result "1/2-1/2"]
[WhiteElo "2094"]
[BlackElo "2229"]
[PlyCount "80"]
[EventDate "1999.09.04"]
[EventType "swiss"]
[EventRounds "6"]
[EventCountry "USA"]
[SourceTitle "EXT 2000"]
[Source "ChessBase"]
[SourceDate "1999.11.16"]
[SourceVersion "1"]
[SourceVersionDate "1999.11.16"]
[SourceQuality "1"]

1. e4 Nf6 2. e5 Nd5 3. d4 d6 4. c4 Nb6 5. exd6 cxd6 6. h3 g6 7. Nf3 Bg7 8. Be2 0-0 9. 0-0 Nc6 10. Nc3 Bf5 11. Be3 d5 12. c5 Nc4 13. Bxc4 dxc4 14. d5 Nb4 15. Bd4 Bd3 16. Bxg7 Kxg7 17. Re1 Nc2 18. Ne5 Nxe1 19. Qxe1 Qc7 20. b4 a5 21. Nb5 Qd8 22. d6 exd6 23. Nxd6 axb4 24. Qxb4 Qa5 25. Nxd3 cxd3 26. Qd4+ f6 27. Rb1 Qxa2 28. Rxb7+ Kg8 29. Kh2 Qe6 30. Qh4 h5 31. Qg3 f5 32. Qg5 Rad8 33. Qd2 Rxd6 34. cxd6 Qxd6+ 35. f4 Rd8 36. Qa2+ Qd5 37. Qb2 Qd4 38. Qb3+ Qd5 39. Qb2 Rd7 40. Rb8+ Rd8 1/2-1/2

[Event "US Masters op"]
[Site "Hawaii"]
[Date "1998.07.25"]
[Round "5"]
[White "Chernin, Oliver"]
[Black "Schiller, Eric Andrew"]
[Result "0-1"]
[WhiteElo "2240"]
[BlackElo "2190"]
[PlyCount "68"]
[EventDate "1998.07.??"]
[EventType "swiss"]
[EventRounds "9"]
[EventCountry "USA"]
[SourceTitle "EXT 1999"]
[Source "ChessBase"]
[SourceDate "1998.11.16"]
[SourceVersion "1"]
[SourceVersionDate "1998.11.16"]
[SourceQuality "1"]

1. c4 e6 2. Nf3 d5 3. b3 c6 4. g3 f5 5. Bg2 Nf6 6. 0-0 Bd6 7. d4 Qe7 8. Nbd2 Nbd7 9. Bb2 Ne4 10. Ne5 0-0 11. e3 Nxd2 12. Qxd2 Nf6 13. Rac1 Bd7 14. c5 Bxe5 15. dxe5 Ng4 16. Bd4 Be8 17. b4 h5 18. f3 Nh6 19. Qf2 h4 20. Rb1 g5 21. gxh4 gxh4 22. f4 Kh8 23. h3 Rg8 24. Bc3 Bh5 25. Be1 Rg3 26. Qd2 Rg6 27. Kh2 Rag8 28. Bh1 Kh7 29. Qf2 Qg7 30. Rb2 Rg3 31. Bg2 Bg4 32. Qd2 Bxh3 33. Bxh3 Ng4+ 34. Bxg4 Qxg4 0-1

[Event "Connecticut-ch"]
[Site "Stamford"]
[Date "1997.03.01"]
[Round "2"]
[White "Chernin, Oliver"]
[Black "Nichols, Ronald"]
[Result "1-0"]
[WhiteElo "2244"]
[BlackElo "2026"]
[PlyCount "119"]
[EventDate "1997.03.??"]
[EventType "swiss"]
[EventRounds "4"]
[EventCountry "USA"]
[SourceTitle "EXT 2005"]
[Source "ChessBase"]
[SourceDate "2004.11.15"]
[SourceVersion "1"]
[SourceVersionDate "2004.11.15"]
[SourceQuality "1"]

1. c4 c6 2. Nf3 d5 3. b3 Nf6 4. g3 Bf5 5. Bg2 e6 6. 0-0 Be7 7. Bb2 0-0 8. d3 a5 9. Nh4 Bg4 10. h3 Bh5 11. Nd2 a4 12. Nhf3 axb3 13. axb3 Nbd7 14. Rxa8 Qxa8 15. Qc2 b6 16. g4 Bg6 17. Nh4 Qb7 18. Nxg6 hxg6 19. cxd5 cxd5 20. Rc1 Ra8 21. Nf3 Ba3 22. Bxa3 Rxa3 23. Qc8+ Qxc8 24. Rxc8+ Nf8 25. Ne5 Rxb3 26. Rc7 Rb1+ 27. Kh2 Ra1 28. Nxf7 Ra8 29. Rb7 N6d7 30. Ng5 Rb8 31. Ra7 Nf6 32. e4 dxe4 33. dxe4 e5 34. Bf1 b5 35. Ra5 b4 36. Bc4+ Kh8 37. Rxe5 b3 38. Rb5 Rxb5 39. Bxb5 b2 40. Bd3 N8d7 41. f4 Nc5 42. Bc2 Na4 43. e5 Nd5 44. Kg3 Nac3 45. Bxg6 b1Q 46. Bxb1 Nxb1 47. f5 Nbc3 48. Kf3 Kg8 49. h4 Nb5 50. Ke4 Nbc7 51. Nf3 Kf8 52. g5 Ne7 53. h5 Ng8 54. f6 gxf6 55. exf6 Kf7 56. Kf5 Nd5 57. Ne5+ Kf8 58. h6 Ndxf6 59. gxf6 Nxh6+ 60. Kg6 1-0

[Event "New York op"]
[Site "New York"]
[Date "1991.??.??"]
[Round "6"]
[White "Dzindzichashvili, Roman"]
[Black "Chernin, Oliver"]
[Result "1-0"]
[WhiteElo "2555"]
[BlackElo "2265"]
[PlyCount "43"]
[EventDate "1991.03.??"]
[EventType "swiss"]
[EventRounds "9"]
[EventCountry "USA"]
[SourceTitle "CBM 023"]
[Source "ChessBase"]
[SourceDate "1991.08.01"]
[SourceVersion "1"]
[SourceVersionDate "1991.08.01"]
[SourceQuality "1"]

1. c4 c5 2. Nf3 Nf6 3. g3 d5 4. cxd5 Nxd5 5. Bg2 Nc6 6. Nc3 Nc7 7. 0-0 e5 8. d3 Bd7 9. Nd2 h5 10. Nf3 Be7 11. e3 h4 12. d4 hxg3 13. d5 gxf2+ 14. Rxf2 Bh4 15. Nxh4 Qxh4 16. dxc6 Qxh2+ 17. Kf1 Bh3 18. Qf3 Be6 19. cxb7 Bc4+ 20. Ke1 Rd8 21. Qc6+ Kf8 22. Qxc5+ 1-0

[Event "World op 18th"]
[Site "Philadelphia"]
[Date "1990.??.??"]
[Round "3"]
[White "Chernin, Oliver"]
[Black "Assem, Magdy"]
[Result "0-1"]
[WhiteElo "2275"]
[BlackElo "2295"]
[PlyCount "64"]
[EventDate "1990.06.??"]
[EventType "swiss"]
[EventRounds "9"]
[EventCountry "USA"]
[SourceTitle "EXT 1997"]
[Source "ChessBase"]
[SourceDate "1996.11.15"]
[SourceVersion "1"]
[SourceVersionDate "1996.11.15"]
[SourceQuality "1"]

1. c4 Nf6 2. Nc3 e5 3. Nf3 Nc6 4. e3 Bb4 5. Qc2 0-0 6. Nd5 d6 7. Bd3 h6 8. a3 Bc5 9. b4 Bb6 10. Nxb6 axb6 11. Bb2 Re8 12. Bf5 e4 13. Bxc8 Qxc8 14. Nd4 Ne5 15. 0-0 c5 16. bxc5 Qxc5 17. Ne2 Qxc4 18. Qxc4 Nxc4 19. Bxf6 gxf6 20. Rfb1 Nxa3 21. Rxb6 Nc4 22. Rbb1 Nxd2 23. Rd1 Rxa1 24. Rxa1 b5 25. Rd1 Nc4 26. Rb1 Rb8 27. Nc3 b4 28. Nxe4 b3 29. Nc3 b2 30. Rd1 Nd2 31. Nb1 Nxb1 32. Rxb1 Rc8 0-1